[Event "Bundesliga 0001"]
[Site "Germany"]
[Date "2001.04.01"]
[Round "13.1"]
[White "Dautov, Rustem"]
[Black "Movsesian, Sergei"]
[Result "0-1"]
[WhiteElo "2606"]
[BlackElo "2666"]
[Annotator "Dautov,R"]
[PlyCount "92"]
[EventDate "2000.10.14"]
[EventType "team-tourn"]
[EventRounds "15"]
[EventCountry "GER"]
[SourceTitle "CBM 082"]
[Source "ChessBase"]
[SourceDate "2001.05.17"]
[SourceVersion "1"]
[SourceVersionDate "2001.05.17"]
[SourceQuality "1"]
[WhiteTeam "Godesberg"]
[BlackTeam "Neukoelln"]
[WhiteTeamCountry "GER"]
[BlackTeamCountry "GER"]

1. d4 Nf6 2. Nf3 d5 3. c4 c6 4. Nc3 a6 5. cxd5 cxd5 6. Bg5 e6 7. e3 Be7 8. Bd3
b5 9. O-O Bb7 (9... O-O 10. Ne5 (10. Qb3 Nc6 11. Bxf6 Bxf6 12. Qc2 Kh8 13. Nxd5
Nxd4 14. Nxd4 exd5 15. a4 bxa4 16. Rxa4 Bd7 17. Rxa6 Rxa6 18. Bxa6 Qb6 $11 {
Kortschnoj,V-Movsesian,S/Neum 2000}) 10... Bb7 11. Rc1 Nbd7 12. f4 Nb6 13. Qf3
b4 14. Bxf6 Bxf6 15. Ne2 g6 16. Nc6 Bxc6 17. Rxc6 a5 $11 {Ftacnik,L-Movsesian,
S/BL00-01}) 10. Qe2 $1 {Eine neue Idee. Die Praxis hat gezeigt, daß die weiße
Königsflügelaktivität - Ne5, f2-f4 - für Schwarz ungefährlich ist. Der Textzug
leitet das Spiel auf dem Damenflügel ein.} O-O 11. a4 b4 ({In Frage kommt} 
11... bxa4 12. Rxa4 a5) 12. Nb1 Nc6 13. Nbd2 Na5 $1 {Gerade rechtzeitig!
Schwarz darf den weißen Springer nicht auf b3 kommen lassen.} 14. Rfc1 $14 h6 (
14... Ne4 15. Bxe7 Qxe7 16. Bxe4 dxe4 17. Ne5 $14) 15. Bh4 (15. Bf4 $5) 15...
Qb6 $6 16. Ne5 $16 Rfc8 {Wegen der Drohung Bxf6, Nd7 hatte Schwarz bereits
ernsthafte Probleme. In der Partie entscheidet er sich, die Schwächung seines
Königsflügels zuzulassen.} (16... Rfd8 17. Ng4 $16) 17. Bxf6 Bxf6 18. Nd7 Qd6 (
{In Falle von} 18... Qd8 19. Rxc8 Rxc8 (19... Bxc8 20. Nxf6+ Qxf6 21. Rc1 $16)
20. Nxf6+ ({Während der Partie plante ich} 20. Nc5 {und dachte nach dem
Qualitätsopfer} Rxc5 $1 21. dxc5 Bxb2 22. Rb1 Bc3 23. Nf3 {besser zu stehen,
aber mit} Qc8 $132 {bekommt Schwarz gute Gegenchancen.}) 20... Qxf6 21. Bxa6
Bxa6 22. Qxa6 Rc2 23. Nf3 Nb3 24. Rf1 $1 {ist das Gegenspiel von Schwarz nicht
ausreichend.} Rxb2 25. Qb7 $16) 19. Nxf6+ (19. Nc5 $5 e5 20. Nxb7 Rxc1+ 21.
Rxc1 Nxb7 22. dxe5 Bxe5 23. Nf3 $14) 19... gxf6 20. Qg4+ (20. h3 $5) 20... Kf8
21. Qh5 Kg7 22. Qg4+ $6 {Die weiße Dame steht besser auf h5 als auf h4 weil 1)
Weiß hat die Möglichkeit Qh5-d1; 2) im Falle von f6-f5 ist die Überführung des
weißen Springers nach e5 sehr effektiv (><f7).} ({Nach dem prophylaktischen
Zug 22.h3! hätte Weiß die Angriffsroute seines Springers später festlegen
können.} 22. h3 $1 f5 (22... Rxc1+ $6 23. Rxc1 Rc8 24. Rxc8 Bxc8 25. Qg4+ Kf8
26. Qh4 Kg7 27. Nf1 Nc4 28. b3 Na5 29. Ng3 $18) 23. Nf3 Nb3 24. Rxc8 Rxc8 25.
Rf1 Qe7 (25... Rc1 26. Ne5 Rxf1+ 27. Bxf1 Qc7 28. g4 $16) 26. g4 fxg4 27. Qxg4+
Kh8 28. Qf4 $16 {->}) 22... Kf8 23. Qh4 Kg7 24. Nf1 $6 {Ich unterschätzte die
gegnerischen Möglichkeiten auf dem Damenflügel. Auch hier war die Prophylaxe
24.h3! angebracht.} (24. h3 $1 f5 $1 (24... Nc4 $2 25. Nxc4 dxc4 26. Bxc4 $18)
25. f4 (25. Nf3 $5 Nb3 26. Rxc8 Rxc8 27. Rf1 $14) 25... Rxc1+ 26. Rxc1 Rc8 27.
Rxc8 Bxc8 28. Nf1 Nc4 29. b3 Na5 30. Ng3 (30. Bc2 Qc6 31. Ng3 Qxc2 32. Nh5+ Kh7
$11) 30... Nxb3 31. Nh5+ Kf8 32. Nf6 $14) 24... Nb3 25. Rxc8 Rxc8 26. Rd1 Rc1
27. Qg4+ $6 (27. Rxc1 $1 Nxc1 28. Bb1 Qc6 29. Qg3+ Kf8 30. Qb8+ Ke7 31. Ng3 $14
) 27... Kf8 28. Rxc1 Nxc1 {Nun hat Schwarz gute Gegenchancen.} 29. Bh7 $6 {
Ein äußerst riskanter Versuch. Der weiße Läufer wird nach f6-f5 vom
Damenflügel abgeschnitten, wodurch der schwarze Bauer b4 sehr gefährlich wird.
Stattdessen sollte ich eine der möglichen Alternativen wählen.} (29. Bb1 Qc6
30. Qd1 a5 31. Bc2 (31. Ng3 Ba6 32. h3 Qc4 $132) 31... Ba6 $1 $132) (29. Bc2 b3
30. Bb1 Qc6 $132) (29. Qd1 Nxd3 30. Qxd3 a5 $132) 29... Qc6 30. Ng3 f5 31. Qg8+
{Nach all den Ungenauigkeiten, die mir vom 22. bis zum 29. Zug unterliefen,
sollte ich bereits das Unentschieden anstreben.} ({Am besten war dafür} 31. Qh4
$1 {geeignet. Nach} Ke8 $1 ({verliert} 31... Kg7 $2 32. Qe7 $3 (32. Nh5+ Kxh7
33. Qf6 Ne2+ 34. Kf1 Qc1+ 35. Kxe2 Qc2+ $11) 32... Kxh7 33. Qxf7+ Kh8 34. h3 $1
Bc8 35. Nh5 Qb7 36. Qf8+ Kh7 37. Nf6+ Kg6 38. Ng8 $1 $18) 32. Bg8 $1 Nd3 33.
Qf6 Qc7 (33... Qc1+ 34. Nf1 Qc7 35. b3 $14) 34. b3 Nc1 35. Nh5 Ne2+ (35... Qe7
$6 36. Qe5 $1 $40) 36. Kf1 Qc1+ 37. Kxe2 Qc2+ $11 {gibt Schwarz Dauerschach.})
31... Ke7 32. h3 {Sollte man diesen Zug nicht früher machen?} Nd3 33. Qg7 $2
$138 (33. Bxf5 $1 {hätte noch Remis gehalten:} exf5 34. Nxf5+ Ke6 35. g4 Qc1+ (
35... Nxb2 $2 36. Qd8 Qd7 37. Qf8 $18) 36. Kg2 Qxb2 37. Qe8+ Kf6 38. Qd8+ Kg6
$11) 33... Nxb2 34. Bg6 Qe8 $2 {Zuerst traut sich Sergei nicht, auf Gewinn zu
spielen...} (34... Nd3 $1 35. Bxf7 (35. Qxf7+ Kd8 $1 (35... Kd6 $2 36. Bxf5 $18
)) 35... b3 36. Bh5+ (36. Nxf5+ Kd8 $19) 36... Kd8 37. Be2 Nc1 $17) 35. Nh5 Nc4
36. Nf6 Qc8 $4 {und dann riskiert er es plötzlich doch!} (36... Qf8 37. Ng8+
Ke8 38. Nf6+ $11) 37. Qxf7+ Kd6 38. Ne8+ Kc6 39. Qe7 $18 b3 40. Qc5+ $4 {
Der verflixte 40. Zug!} ({Mit einer Minute auf der Uhr sah ich nicht das
gewinnende Schach} 40. Nf6 $1 Kb6 (40... Nd6 41. Be8+ $18) 41. Qb4+ {, und
Weiß gewinnt den Riesenbauern b3.} Ka7 42. Qxb3 $18) 40... Kd7 $19 {Nun hat
dieser Bauer überlebt, und Schwarz steht glatt auf Gewinn.} 41. Nf6+ Kd8 42.
Qf8+ (42. Qb4 b2 43. g4 a5 44. Qb3 Qc6 45. gxf5 exf5 $19) 42... Kc7 43. Qe7+
Kb8 44. g4 (44. Nd7+ Ka7 45. Qxe6 Bc6 46. Bxf5 (46. Nc5 Qxe6 47. Nxe6 Nd6 $19)
46... Bxd7 47. Qxd7+ Qxd7 48. Bxd7 Nd6 $19) 44... b2 45. Qb4 a5 46. Qb3 Qd8 0-1

[Event "Julian Borowski-A 2nd"]
[Site "Essen"]
[Date "2000.04.26"]
[Round "1"]
[White "Dautov, Rustem"]
[Black "Dreev, Alexey"]
[Result "1/2-1/2"]
[WhiteElo "2602"]
[BlackElo "2680"]
[Annotator "Dautov,R"]
[PlyCount "79"]
[EventDate "2000.04.27"]
[EventType "tourn"]
[EventRounds "9"]
[EventCountry "GER"]
[EventCategory "15"]
[SourceTitle "CBM 077"]
[Source "ChessBase"]
[SourceDate "2000.07.27"]
[SourceVersion "1"]
[SourceVersionDate "2000.07.27"]
[SourceQuality "1"]

1. d4 d5 2. c4 c6 3. cxd5 {Meine Auswahl der Eröffnung fiel aus den Gründen
der Sicherheit relativ leicht. Ich verlor die zwei letzten Weißpartien gegen
Dreev und wollte zum Auftakt des Turniers nichts riskieren.} cxd5 4. Nf3 Nf6 5.
Nc3 Nc6 6. Bf4 a6 7. Rc1 Ne4 8. a3 (8. Ne5 Nxc3 9. Rxc3 Bd7 10. Qb3 (10. e3 e6
11. a3 Rc8 12. Nd3 Na7 13. Rxc8 Nxc8 14. Be2 Qa5+ 15. Qd2 Qxd2+ 16. Kxd2 Bd6
17. Bg3 Ke7 18. Rc1 Bxg3 19. hxg3 Nd6 20. Rc7 Kd8 21. Rc1 $11 {Andersson,
U-Shirov,A/Biel 1991}) 10... f6 11. Nxc6 Bxc6 12. e3 e6 13. Bd3 Be7 14. O-O Kf7
15. Rfc1 Qd7 16. Qd1 g6 {1/2-1/2 Volzhin,A-Rublevsky,S/Novgorod op 1995}) (8.
Qb3 $5 Nxc3 9. Rxc3 e6 10. a3 Bd6 $11) 8... Nxc3 (8... Bf5 9. e3 e6 10. Bd3 (
10. Nxe4 $5 Bxe4 11. Nd2 $14) 10... Nxc3 11. Rxc3 Bxd3 12. Qxd3 Bd6 13. Bxd6 {
1/2-1/2 Kortschnoj,V-Dreev,A/Dortmund 1994}) 9. Rxc3 Qb6 $1 $11 10. Qd2 (10.
Qc2 g6 (10... Bg4 $5 11. Ne5 Nxe5 12. dxe5 (12. Bxe5 f6 13. Bc7 Qxd4) 12... Bd7
$11) 11. e3 Bg7 12. Rc5 Bf5 13. Qc3 O-O 14. Be2 Rac8 15. b4 a5 16. b5 e5 $1 $15
{Lev,R-Lutz,C/EU-chJ U18 1987}) 10... Bg4 {Schwarz strebt eine ausgeglichene
symmetrische Stellung an. Etwas ergeiziger war 10...f6, um Ne5 zu verhindern.}
(10... f6 $5 11. h3 (11. e3 Bg4 $11) 11... Bf5 12. e3 Be4 13. Be2 e6 14. O-O
Be7 $11) 11. Ne5 Nxe5 12. Bxe5 Rc8 13. e3 f6 14. Bg3 Rxc3 15. Qxc3 Bd7 $1 16.
Bd3 e6 17. O-O Be7 $1 (17... Bd6 18. Bxd6 Qxd6 19. Rc1 Ke7 20. Qc7 $16 Qxc7 21.
Rxc7 b5 22. Kf1 $16) 18. Bc7 ({Auf das von mir ursprünglich geplante} 18. Rc1 {
hat Schwarz zwei gute Möglichkeiten- 18...Bc6 oder 18...Kf7.} Kf7 (18... Bc6
$11 {/\Kf7}) 19. Qc7 $2 (19. Bc7 Qa7 $11) 19... Qxb2 20. Rb1 $2 Qxb1+ 21. Bxb1
Rc8 $17) 18... Qc6 19. Rc1 Qxc3 20. Rxc3 {Mit Remisangebot...} Bc6 {,aber mein
Gegner lehnte ab.} 21. h4 Kd7 22. Bf4 h6 (22... g6 23. g4 {/\g5}) 23. h5 a5 24.
f3 {/\e4} b5 $2 {Dieser unvorsichtige Zug bringt Schwarz in einer unangenehme
Lage. Sein Bc6 hat keinen Halt mehr, was die weiße Zentrumöffnung e3-e4 noch
unangenehmer macht. Angebracht war 24...Ra8=.} 25. Rc1 $1 $14 (25. e4 b4 26.
axb4 axb4 (26... Bxb4 $2 27. exd5 $16) 27. Rc1 dxe4 28. fxe4 Ra8 $11) 25... Bd8
$2 {Mit Remisangebot..} (25... b4 26. a4 $1 {/\Bb5}) (25... Ra8 $142 26. e4
dxe4 27. fxe4 b4 28. Bc4 $14) 26. b4 $1 {Diesmal wollte ich auf Gewinn spielen.
} (26. e4 $2 Bb6) 26... axb4 (26... Bb6 $2 27. bxa5 Bxa5 28. Rb1 $16) (26... a4
27. g4 Bb6 28. Kf2 $14) 27. axb4 Be7 (27... Bb6 28. Ra1 {/\Ra6} e5 29. dxe5
fxe5 30. Bxe5 Bxe3+ 31. Kf1 $16) 28. e4 $1 (28. Ra1 Ra8 29. Rxa8 Bxa8 30. Bxb5+
Bc6 $11) 28... dxe4 (28... Bxb4 $2 29. exd5 Bxd5 30. Bxb5+ $16) 29. fxe4 Ra8 (
29... Bxb4 $2 30. d5 exd5 31. exd5 Bxd5 32. Bf5+ Ke7 33. Rc7+ $18) 30. Be2 $1 {
/\Bg4} (30. d5 {bringt Weiß nichts} exd5 31. exd5 Bxd5 32. Bxb5+ Ke6 $11) 30...
Bd6 $1 ({Beide Gegner hatten hier nur wenig Zeit. Dreev ist auf der Hut und
sieht die Fallen:} 30... Bxb4 $2 31. d5 exd5 32. exd5 Bxd5 33. Rd1 Ke6 34. Rxd5
Kxd5 35. Bf3+ Kc4 36. Bxa8 $18) (30... Ra2 31. Bf3 $1 (31. d5 $2 Rxe2 (31...
exd5 32. Bg4+ $18) 32. dxc6+ Kc8 33. Ra1 e5 $17) 31... Bxb4 (31... Bd6 $4 32.
Bxd6 Kxd6 33. e5+ $18) 32. d5 Ba8 33. Rc7+ Ke8 34. dxe6 $16) 31. e5 $5 {
/\Rxc6 Hier dachte ich bereits zu gewinnen, unterschätzte jedoch die schwarzen
Verteidigungsmöglichkeiten.} (31. Bxd6 $1 Kxd6 32. e5+ {reicht zwar nicht zum
Gewinn, war jedoch die objektiv beste Fortsetzung. Schwarz müßte noch in der
Zeitnot einige Klippen umschiffen:} (32. Bf3 e5 $11) 32... Kd7 33. Rc5 fxe5 34.
dxe5 Ra1+ $1 (34... Ra2 35. Bf3 $1 Bxf3 36. gxf3 Rb2 37. Rxb5 Kc6 38. Rc5+ Kb6
39. Rc4 $16) 35. Kh2 (35. Kf2 Ra2 $11) 35... Ra2 36. Bxb5 Bxb5 37. Rxb5 Kc6 38.
Rc5+ Kb6 39. Kg3 Rb2 40. Rc4 Re2 $11) 31... Ra2 $1 {Die einzige Verteidigung
und eine sehr gute dazu. Es hängen gleichzeitig zwei Läufer.} (31... fxe5 $2
32. dxe5 Rf8 (32... Bxb4 33. Rxc6 $18) (32... Ra2 33. Rxc6 Kxc6 34. Bf3+ Kd7
35. exd6 Rb2 36. Be5 Rxb4 37. Be2 $18) 33. Rd1 Rxf4 34. Rxd6+ Kc7 35. Rxe6 Rxb4
36. Re7+ Kb6 37. Rxg7 $16) 32. d5 $1 {Und nun sind es sogar drei!} (32. Rxc6
Kxc6 33. Bf3+ Kd7 34. exd6 Rb2 {führt zu einer Stellung, wo Schwarz nichts zu
befürchten hat.} 35. g3 Rxb4 36. Be2 Rxd4 $1 (36... Kc6 $2 37. Bg4 $16) (36...
Rb2 $2 37. Kf1 $1 b4 38. Bb5+ Kd8 39. d5 $1 exd5 40. Be3 $18) 37. Bxb5+ Kd8 38.
d7 Rd5 39. Bc6 Rc5 40. Ba4 Rc4 $11) (32. Bxb5 Bxb5 33. exd6 Ra7 34. Rc5 Rb7 $11
{/\Bc6}) 32... fxe5 33. dxc6+ Kc7 34. Bxe5 Bxe5 35. Bxb5 Rb2 $11 36. Bc4 $6 {
In der gegenseitiger Zeitnot verpasste ich die letzte Chance, meinen Gegner
vor Probleme zu stellen:} (36. Rc4 $1 Kb6 $1 (36... Bd6 37. Rg4 Bf8 38. Rf4
Bxb4 39. Rf7+ $16) 37. Ba4 Bg3 38. Bc2 Bd6 $11) 36... Kxc6 37. b5+ Kd6 38. Rd1+
Ke7 39. Kf1 Bd6 40. Re1 1/2-1/2

[Event "Arnold Cup"]
[Site "Gausdal"]
[Date "1995.??.??"]
[Round "1"]
[White "Engqvist, Thomas"]
[Black "Sadler, Matthew D"]
[Result "1/2-1/2"]
[WhiteElo "2415"]
[BlackElo "2575"]
[Annotator "Engqvist"]
[PlyCount "83"]
[EventDate "1995.04.??"]
[EventType "swiss"]
[EventRounds "9"]
[EventCountry "NOR"]
[SourceTitle "CBM 048"]
[Source "ChessBase"]
[SourceDate "1995.10.01"]
[SourceVersion "1"]
[SourceVersionDate "1995.10.01"]
[SourceQuality "1"]

1. d4 d5 2. c4 c6 3. Nc3 Nf6 4. cxd5 cxd5 5. Nf3 Nc6 6. Bf4 a6 (6... Bf5) (6...
e6) 7. e3 Bg4 8. h3 Bxf3 (8... Bh5) 9. Qxf3 e6 (9... Qb6 10. Qe2 {Sadler}) 10.
Bd3 Be7 11. O-O (11. g4 $5 $13) 11... O-O 12. Rfc1 Rc8 13. Qd1 (13. Bg5 $6 Nd7
14. Bxe7 Qxe7 15. Na4 Nb4 {Sadler}) 13... Nd7 (13... Ne8 14. Na4 Bd6 15. Bxd6
Nxd6 16. Nc5 Qe7 17. Rc3 e5 18. Nb3 exd4 19. Nxd4 Nxd4 20. Rxc8 Rxc8 21. exd4
g6 22. Rc1 Kg7 23. Rxc8 Nxc8 $11 {Matlak,M-Gurevich,M, EUCup Gr6Clichy 1993})
14. a3 (14. Na4 b5 15. Nc5 Nxc5 16. dxc5 Na5 (16... e5 $6 17. Bg3 $14 {Sadler})
17. b4 Nc4 $11) 14... Nb6 15. Na4 Nc4 $6 (15... Nxa4 16. Qxa4 Bd6 (16... Qa5
17. Qb3) 17. Bxd6 (17. Bxa6 $2 Ra8) 17... Qxd6 18. Rc3 g6 19. Rac1 Ne7 20. Rxc8
Nxc8 21. Qc2 Qb8 22. Qc7 Nd6 23. Qb6 Qd8 24. Qxd8 {1/2 Vokac-Haba, CFSR 1988})
16. b3 $1 (16. Qe2 b5 17. b3 N4a5 $1 18. Nc5 Bxc5 19. Rxc5 Nxb3 20. Bxh7+ Kxh7
21. Qc2+ Kg8 22. Qxb3 Na5 23. Rxc8 Qxc8 24. Qb4 Nc4 25. a4 bxa4 26. Qxa4 a5 {
/\ Qe8}) 16... Nxa3 17. Nc5 Bxc5 18. Rxc5 Nb5 19. Bxb5 axb5 20. Rxb5 $14 Qe7
21. Rb6 $5 (21. Qe2) (21. Bg3) 21... Rfd8 22. Qe2 Rd7 23. Qb5 f6 24. Bg3 Qf7
25. Kh2 h6 26. Qd3 Qe7 27. Rb5 Rcd8 28. Qc3 e5 29. Rc5 (29. dxe5 $5) 29... exd4
30. exd4 Qe4 31. Re1 Qf5 (31... Qxd4 $4 32. Rxc6 $18) 32. b4 Na7 33. Qe3 (33.
Bc7 Rxc7 34. Rxc7 Nb5 35. Qg3 Nxc7 36. Qxc7 Rd7 $1 (36... Rc8 37. Qxb7 Rc2 38.
Re8+ Kh7 39. Re3 $1 Kg8 40. Rg3 g5 41. Rf3 $16) (36... Qd7 37. Re7 Qxc7+ 38.
Rxc7) 37. Qc8+ Kh7 38. Kg1 {/\ g4+-} h5 {/\ Kg6} 39. Re8 Kg6 $13) 33... Kh7 34.
Qa3 $2 $138 (34. Kg1 {Sadler}) 34... b6 35. Rcc1 Nb5 36. Qe3 Qe4 $1 $11 37.
Qxe4+ (37. Rc6 Nxd4 38. Rxb6 Qxe3 39. Rxe3 Nf5 $11) 37... dxe4 38. Rxe4 Rxd4
39. Rxd4 (39. Re6 $1 Rxb4 40. Rxb6 Rdd4 $1 41. Rb7 Na3 42. Re7 Rdc4 43. Ra1 Ra4
$11) 39... Rxd4 40. Rc6 Rxb4 41. Rxb6 Rb3 42. f3 1/2-1/2

[Event "San Francisco"]
[Site "San Francisco"]
[Date "1995.??.??"]
[Round "3"]
[White "Huebner, Robert"]
[Black "Christiansen, Larry Mark"]
[Result "1/2-1/2"]
[WhiteElo "2620"]
[BlackElo "2570"]
[Annotator "Ernst,T"]
[PlyCount "77"]
[EventDate "1995.??.??"]
[EventType "game"]
[EventCountry "ARG"]
[SourceTitle "CBM 046"]
[Source "ChessBase"]
[SourceDate "1995.06.01"]
[SourceVersion "1"]
[SourceVersionDate "1995.06.01"]
[SourceQuality "1"]

1. d4 Nf6 2. Nf3 d5 3. c4 c6 4. Nc3 a6 5. cxd5 cxd5 6. Bf4 Nc6 7. Rc1 g6 8. Ne5
Bg7 9. e3 Be6 10. Nxc6 bxc6 11. Be2 Nd7 12. O-O Nb6 13. Na4 Nxa4 14. Qxa4 Bd7
15. Rc5 O-O 16. Qa5 Qxa5 17. Rxa5 f6 18. Bg3 Rfd8 19. h3 Be8 20. Rd1 e5 21.
dxe5 fxe5 22. e4 Bf7 23. b3 h5 24. Bf3 $6 (24. Bh4 $142 $1 Rdb8 $5 25. Bf3 $16)
24... Bf6 25. h4 $2 (25. exd5 $142 h4 26. Bh2 cxd5 27. Bxd5 Kg7 28. Rc5 $16)
25... dxe4 26. Be2 (26. Rxd8+ $2 Bxd8 $1 $19) 26... Rd5 27. Rdxd5 cxd5 28. Rxa6
Rxa6 29. Bxa6 Kf8 30. Bb7 Ke7 31. a4 Kd6 32. a5 Bd8 33. b4 Be8 34. f4 exf3 35.
gxf3 Bc6 36. Bxe5+ Kxe5 37. Bxc6 Bxh4 38. f4+ Kxf4 39. Bxd5 1/2-1/2

[Event "Pinamar Masters 1st"]
[Site "Pinamar"]
[Date "2001.03.12"]
[Round "5"]
[White "Andersson, Ulf"]
[Black "Hobaica, Juan Pablo"]
[Result "1-0"]
[WhiteElo "2640"]
[BlackElo "2306"]
[Annotator "Ernst,T"]
[PlyCount "139"]
[EventDate "2001.03.08"]
[EventType "tourn"]
[EventRounds "11"]
[EventCountry "ARG"]
[EventCategory "8"]
[SourceTitle "CBM 082"]
[Source "ChessBase"]
[SourceDate "2001.05.17"]
[SourceVersion "1"]
[SourceVersionDate "2001.05.17"]
[SourceQuality "1"]

1. d4 d5 2. c4 c6 3. Nf3 Nf6 4. Nc3 a6 5. cxd5 cxd5 6. Bf4 Nc6 7. Rc1 Ne4 8.
Ne5 Nxc3 9. Rxc3 Bd7 10. e3 e6 11. a3 Rc8 12. Nd3 Na7 13. Rxc8 Qxc8 14. Be2 Be7
$14 15. O-O O-O 16. a4 f6 $2 17. Qb3 Bc6 18. Qb6 Qa8 $16 19. Bg4 Kf7 20. Rc1
Bd8 21. Qb4 Be7 22. Bd6 Re8 23. Nf4 Bd8 24. Nd3 $1 Nc8 25. Bg3 Be7 26. Qb3 Nd6
27. Nc5 Bf8 28. Qc2 g6 29. b3 Nf5 (29... Qa7 $16) 30. Bxf5 exf5 31. Qd1 Bxc5 $6
{This exchange was not necessary, but black is heading for opposite-coulored
bishops.} 32. Rxc5 b6 $2 {The bishop was wellprotected.} 33. Rc1 Rc8 34. h4 Bd7
35. Kh2 Rxc1 36. Qxc1 Qc6 37. Qa3 $16 h5 38. Bf4 b5 39. a5 Qc3 40. Qd6 Qc6 41.
Qb8 Qc8 42. Qa7 Qc6 43. Bc7 Bc8 44. Bd6+ Qb7 45. Qc5 Be6 46. Bf4 Qc8 47. Qd6
Qb7 (47... Qc2 $2 48. Qxa6 Qxf2 49. Bg3 Qxe3 50. Qb7+ Kg8 51. Qb8+ Kg7 52. a6
$18) 48. Bh6 Qc8 49. f3 Bd7 50. Kg1 Bc6 51. Kh1 Bd7 52. Kh2 Bc6 53. Bf4 Bb7 54.
Bg3 Qc6 55. Qf4 Qc8 56. Be1 $1 {The bishop is heading for a new diagonal.} (56.
Qh6 Qg8 $1) 56... Qf8 57. Qc7+ Qe7 58. Qb8 Kg7 59. Bg3 Qd7 60. Be1 Qe7 61. Bb4
$1 Qf7 (61... Qxb4 62. Qxb7+ Kh6 63. Qxa6 Qe1 64. Qxf6 $18) 62. Bd6 Bc6 63. Bc5
Kh7 64. Kg3 Kg7 65. Kf2 Kh7 66. Qd8 Kg7 67. Be7 $22 Qe8 (67... Bb7 68. Qc7 Ba8
69. Qa7 Qe8 70. Bd8+ $18) 68. Qd6 Kh7 69. Bxf6 Kg8 70. Be5 1-0

[Event "PCA-Wch Candidates sf1"]
[Site "Linares"]
[Date "1994.??.??"]
[Round "7"]
[White "Kamsky, Gata"]
[Black "Short, Nigel D"]
[Result "1/2-1/2"]
[WhiteElo "2695"]
[BlackElo "2665"]
[Annotator "Ftacnik,L"]
[PlyCount "119"]
[EventDate "1994.09.??"]
[EventType "match"]
[EventRounds "7"]
[EventCountry "ESP"]
[SourceTitle "CBM 043"]
[Source "ChessBase"]
[SourceDate "1994.12.01"]
[SourceVersion "1"]
[SourceVersionDate "1994.12.01"]
[SourceQuality "1"]

1. d4 d5 2. c4 c6 3. cxd5 cxd5 4. Nc3 Nf6 5. Bf4 Nc6 6. Nf3 a6 7. Ne5 e6 8. e3
Bd6 $5 (8... Nxe5 9. Bxe5 Be7 10. Qb3 b5 11. Bd3 O-O 12. O-O Bd7 $10 {
Khalifman,A-Gurevich,M/Reggio Emilia/1991/}) 9. Bg3 Bxe5 10. dxe5 Nd7 11. f4
O-O 12. Be2 (12. Bd3 Qb6 13. Qd2 Nc5 $132) 12... b5 13. Rc1 Bb7 14. O-O Rc8 (
14... Qb6 15. Bf2 b4 16. e4 d4 17. Na4 Qa5 18. b3 $16) 15. Bd3 Qe7 (15... f6
16. exf6 (16. Qh5 f5 $13) 16... Nxf6 17. Bh4 $14) 16. Bb1 Rfe8 17. Qc2 g6 (
17... Nf8 18. Qf2 {/\ Bh4}) 18. Qf2 f5 19. exf6 (19. Bh4 Qf8 $13) 19... Nxf6
20. Bh4 Qg7 21. Bg5 (21. Bxf6 Qxf6 22. e4 d4 $1 23. e5 $140 Nxe5 $1 24. fxe5
$140 Qxf2+ 25. Rxf2 dxc3 $17) 21... Ne7 22. Ne2 Rxc1 23. Rxc1 Nc6 (23... Rc8
24. Rxc8+ Nxc8 25. Nd4 $14) 24. Bxf6 (24. Nd4 Nxd4 25. Bxf6 (25. exd4 Ne4 26.
Bxe4 dxe4 $10) 25... Ne2+ 26. Qxe2 Qxf6 27. Rc7 Rc8 28. Rxc8+ (28. Rxb7 $2 Rc1+
29. Kf2 Rxb1 $17) 28... Bxc8 29. Qc2 $14) 24... Qxf6 25. Nd4 Rc8 (25... Nxd4
26. exd4 Rc8 27. Rxc8+ Bxc8 $14) 26. Bd3 e5 $1 27. fxe5 Qxf2+ (27... Qxe5 28.
Rf1 $14) 28. Kxf2 Nxe5 29. Rxc8+ Bxc8 30. Be2 Kf8 31. h4 Ke7 32. b4 h6 33. Ke1
Nc4 34. Kf2 (34. Bxc4 $6 dxc4 $15) 34... Ne5 35. Ke1 Kf6 36. Kd2 Bg4 (36...
Nc4+ 37. Kd3) 37. Bf3 h5 $6 (37... Nxf3+ 38. gxf3 Bd7 39. f4 $10) 38. Kc3 Bxf3
39. gxf3 Ke7 40. Kd2 Kf6 41. Ke2 Nc4 42. f4 (42. Nb3 g5 43. hxg5+ Kxg5 44. Nc5
a5 $10) 42... Nd6 43. Kd3 Kf7 (43... Nf5 44. Nxf5 Kxf5 45. Kd4) 44. Ke2 Ke7 45.
Kd3 Kf6 46. Ke2 Ne4 47. Kd3 Ng3 48. Kc3 Nf5 49. Nxf5 $8 Kxf5 50. Kd4 Kg4 (50...
Ke6 $2 51. Kc5) 51. Kxd5 Kxh4 52. e4 Kg4 (52... Kg3 53. e5 h4 54. e6 h3 55. e7
h2 56. e8=Q h1=Q+ 57. Qe4 Qxe4+ $2 (57... Qf3 58. Qxf3+ Kxf3 59. Ke5 Ke3 60. a3
Kd3 61. Kf6 Ke4 62. Kg5 Ke3 $10) 58. Kxe4 Kf2 (58... Kg4 59. a3 Kg3 60. f5
gxf5+ 61. Kxf5 Kf3 62. Ke5 Ke3 63. Kd5 Kd3 64. Kc5 Kc3 65. Kb6 $18) 59. f5
gxf5+ 60. Kxf5 Ke3 61. Ke5 Kd3 62. Kd5 Kc3 63. Kc5 Kb2 64. Kb6 Ka3 65. Ka5 $1
$18) 53. e5 h4 54. e6 h3 55. e7 h2 56. e8=Q h1=Q+ 57. Kc5 Qg1+ 58. Kc6 Kxf4 59.
Qf7+ Kg5 60. Qe7+ 1/2-1/2

[Event "Rubinstein Memorial"]
[Site "Polanica Zdroj"]
[Date "1993.??.??"]
[Round "10"]
[White "Dorfman, Josif D"]
[Black "Hansen, Lars Bo"]
[Result "1/2-1/2"]
[WhiteElo "2555"]
[BlackElo "2560"]
[Annotator "Ftacnik,L"]
[PlyCount "113"]
[EventDate "1993.08.??"]
[EventType "tourn"]
[EventRounds "11"]
[EventCountry "POL"]
[EventCategory "13"]
[SourceTitle "CBM 037"]
[Source "ChessBase"]
[SourceDate "1993.12.01"]
[SourceVersion "1"]
[SourceVersionDate "1993.12.01"]
[SourceQuality "1"]

1. d4 d5 2. c4 c6 3. Nf3 Nf6 4. cxd5 cxd5 5. Nc3 Nc6 6. Bf4 a6 7. Ne5 $1 Qb6 8.
Nxc6 bxc6 9. a3 $1 Bf5 (9... Qxb2 10. Na4 Qb5 11. Bd2 $44) 10. Na4 Qb7 11. e3
e6 12. Rc1 Nd7 13. Be2 Be7 14. O-O O-O 15. Qd2 (15. b4 a5 16. Nc5 Nxc5 17. bxc5
$13) 15... a5 16. Rc3 Rfc8 17. Rfc1 Bb4 $5 18. axb4 axb4 19. Rb3 Rxa4 20. Bd6
c5 21. dxc5 Nb8 22. h4 $1 h6 23. Bd1 $1 Be4 $1 (23... Bg6 24. h5 Bh7 25. e4 $1
Bxe4 26. Rg3 $40) 24. f3 Bg6 25. e4 dxe4 26. fxe4 h5 $1 27. e5 Nc6 28. Rg3 b3
$1 29. Bxb3 (29. Rxb3 $16) 29... Rd4 30. Qg5 Re8 31. Bd1 $2 (31. Rf1 $1 $16)
31... Qxb2 32. Bxh5 Rxh4 $1 33. Bxg6 Qd4+ 34. Qe3 fxg6 35. Qxd4 Nxd4 36. Re3
Rc8 37. Rd1 Nc6 38. Rg3 Kh7 39. Ra1 Nd4 40. Kf2 Nc6 $138 41. Rga3 Re4 $2 42.
Rh1+ $2 (42. Ra4 $1 Rxe5 $5 43. Bxe5 Nxe5 44. Ra8 Rxc5 45. Rh1#) 42... Kg8 43.
Rah3 Kf7 44. Rf3+ Kg8 45. Rfh3 Kf7 46. Rh8 Re8 47. Kf3 Rc4 48. Ke3 Rxh8 49.
Rxh8 g5 50. Rc8 Nb4 51. Kf3 Kg6 52. Re8 Nc6 53. g4 (53. Rxe6+ $2 Kf7) 53...
Rf4+ 54. Kg3 Re4 55. Kf3 Rf4+ 56. Kg3 Re4 57. Kf3 1/2-1/2